Normal view MARC view

Entry Personal Name

Number of records used in: 1

001 - CONTROL NUMBER

  • control field: 1134462

003 - CONTROL NUMBER IDENTIFIER

  • control field: OSt

005 - DATE AND TIME OF LATEST TRANSACTION

  • control field: 20260320201211.0

008 - FIXED-LENGTH DATA ELEMENTS

  • fixed length control field: 260320|| aca||aabn | a|a d

040 ## - CATALOGING SOURCE

  • Original cataloging agency: OSt
  • Transcribing agency: OSt

100 ## - HEADING--PERSONAL NAME

  • Personal name: Lopez-Lira

670 ## - SOURCE DATA FOUND

  • Source citation: Work cat.: (OSt)1719644: Lopez-Lira, The Predictive Edge: Outsmart the Market using Generative AI and ChatGPT in Financial Forecasting
Copyright @ Delhi University Library System